000 00973nam a2200229 i 4500
001 154768
003 ES-MaACL
005 20250806070428.0
008 020924s1878 sp |||| | spa d
040 _aCCPB | B
_bspa
_cCCPB | B
100 1 _aGrasset, Joseph (
_d1849-1918)
_9152573
245 1 4 _aLas localizaciones de las enfermedades cerebrales /
_cpor J. Grasset.
260 _aMadrid :
_b[s.n.],
_c1878 (
_fimprenta de Enrique Teodoro)
300 _a106 p. ;
_c23 cm.
490 1 _aBiblioteca Económica de Medicina y Cirujía
530 _aDisponible también en sitio web.
650 4 _aCerebro-
_xEnfermedades.
_9152574
830 0 _aBiblioteca económica de medicina y cirujía
_9186248
852 _aES-MaACL
_jB-12699(5)
_z-- Enc. pasta española
_z-- Enc. en un vol. facticio
856 _uhttp://bibliotecadigitalhispanica.bne.es:80/webclient/DeliveryManager?pid=1833971&custom_att_2=simple_viewer
_zIr a la página
999 _c154768
_d154768